| 000 | 00341 a2200133 4500 | ||
|---|---|---|---|
| 001 | 87858 | ||
| 082 | _aPR 234 | ||
| 090 |
_c41320 _d41320 |
||
| 100 | _aMajdi Obeidat, 2nd Lt | ||
| 245 | _a2D CFD analysis of flapping wings | ||
| 260 |
_aRisalpur _bNUST Risalpur _c2008 |
||
| 300 |
_axii, 116p. _eShakeel Sheikh |
||
| 500 | _aBE Project Reports | ||
| 942 |
_aCAE NUST _kPR 234 |
||
| 999 |
_c322931 _d322931 |
||